Ruská gramatika odborného stylu pro studující při zaměstnání na VUT

Salvato in:
Dettagli Bibliografici
Autori principali: Adamcová, Libuše (Autore), Sedláková, Věra (Autore)
Natura: Libro
Lingua:russo
ceco
Pubblicazione: Brno : Vysoké učení technické v Brně, 1986
Tags: Aggiungi Tag
Nessun Tag, puoi essere il primo ad aggiungerne!!

MARC

LEADER 00000nam a22000003a 4500
001 stu89057
005 20150617225627.3
008 040719s1986----cs------------------rus-d
040 |a STU  |b slo 
041 0 |a rus  |a cze 
044 |a cs 
080 |a 81.36=161.1 
100 1 |a Adamcová, Libuše  |4 aut 
245 1 |a Ruská gramatika odborného stylu pro studující při zaměstnání na VUT 
260 |a Brno :  |b Vysoké učení technické v Brně,  |c 1986 
300 |a 63 s 
700 1 |a Sedláková, Věra  |4 aut 
996 |b 284V029390  |c V*25526/S-87  |l VVT  |s A  |a 24  |w stu89057_0001